| 000 | 00777nam a22002417a 4500 | ||
|---|---|---|---|
| 003 | UA-OsUOA | ||
| 001 | 98527 | ||
| 007 | ta | ||
| 008 | 20130416b un ||||| |||| 00| 0 ukr d | ||
| 090 |
_a82.09 _bН38 |
||
| 942 | _cBK | ||
| 040 |
_aUA-OsUOA _bukr _cUA-OsUOA _dUA-OsUOA |
||
| 245 |
_aНе відлюбив свою тривогу ранню... _bспогади, статті, листи, поезії _cупор. Орач (Комар) О. Ю. |
||
| 300 | _a400 с. | ||
| 955 | _a2 | ||
| 041 | _aukr | ||
| 080 | _a82.09 | ||
| 020 | _a5-333-01018-8 | ||
| 260 |
_aК. _bУкр. письменник _c1993 |
||
| 246 | 3 | 1 |
_aВасиль Стус - поет і людина _n |
| 650 | 7 |
_a82 Література. Літературознавство _2UDC |
|
| 999 |
_c384326 _d384326 |
||